000 00926nam a22002897a 4500
003 CHAP
005 20220329135656.0
008 971013s1970 r 00010 d
010 _a40364
011 _a41336
035 _a45462
040 _cCHAP
082 _a630.71
_bE52
110 _aENA. Colegio de Postgraduados. Chapingo, Méx.
_936679
245 _aEstudio sobre el estado actual de la enseñanza agrícola superior en México
260 _aChapingo, Méx. :
_bENA,
_c1970
300 _a137 h.
590 _aBATCH-UPD
_b10
_c20130110
_lUCH01
_h1926
590 _aBATCH-UPD
_b10
_c20130410
_lUCH01
_h1251
590 _aBATCH-UPD
_b10
_c20130914
_lUCH01
_h1241
590 _aCONVERSION
_b10
_c20130109
_lUCH01
_h1322
650 1 4 _aEducación agrícola.
_935491
650 1 4 _aEducación agrícola
_zMéxico.
_935552
901 _aBK
942 _cLIBRO
949 _a630.71 E52
_bBC
_cLIBRO
_d-103819
_eLIBRO
_h28306
_i45462
_si
999 _c40364
_d40364